Encyclopedia of early cinema (Record no. 698564)
[ view plain ]
| 000 -LEADER | |
|---|---|
| fixed length control field | 00943nas a2200313 a 4500 |
| 001 - CONTROL NUMBER | |
| control field | vtls000852944 |
| 003 - CONTROL NUMBER IDENTIFIER | |
| control field | NLI |
| 005 - DATE AND TIME OF LATEST TRANSACTION | |
| control field | 20210627065355.0 |
| 008 - FIXED-LENGTH DATA ELEMENTS--GENERAL INFORMATION | |
| fixed length control field | 120308s2005 enkac e e 001 0 eng |
| 020 ## - INTERNATIONAL STANDARD BOOK NUMBER | |
| International Standard Book Number | 0415234409 |
| Terms of availability | £ 130.00 |
| 039 #9 - LEVEL OF BIBLIOGRAPHIC CONTROL AND CODING DETAIL [OBSOLETE] | |
| Level of rules in bibliographic description | 201203082113 |
| Level of effort used to assign nonsubject heading access points | VLOAD |
| -- | 201104282053 |
| -- | VLOAD |
| 040 ## - CATALOGING SOURCE | |
| Original cataloging agency | NLI |
| Transcribing agency | NLMARC21 |
| 041 0# - LANGUAGE CODE | |
| Language code of text/sound track or separate title | eng |
| 044 ## - COUNTRY OF PUBLISHING/PRODUCING ENTITY CODE | |
| MARC country code | enk |
| 082 04 - DEWEY DECIMAL CLASSIFICATION NUMBER | |
| Classification number | 791.430903 |
| Edition number | 22 |
| 245 00 - TITLE STATEMENT | |
| Title | Encyclopedia of early cinema |
| Statement of responsibility, etc. | edited by Richard Abel |
| 260 ## - PUBLICATION, DISTRIBUTION, ETC. | |
| Place of publication, distribution, etc. | London |
| Name of publisher, distributor, etc. | Routledge |
| Date of publication, distribution, etc. | c2005 |
| 300 ## - PHYSICAL DESCRIPTION | |
| Extent | xxx, 791 p. |
| Other physical details | ill., ports. |
| Dimensions | 25 cm. |
| 504 ## - BIBLIOGRAPHY, ETC. NOTE | |
| Bibliography, etc. note | Includes bibliographical references and index |
| 650 #0 - SUBJECT ADDED ENTRY--TOPICAL TERM | |
| Topical term or geographic name entry element | Motion pictures |
| General subdivision | History |
| Form subdivision | Encyclopedias |
| 9 (RLIN) | 812231 |
| 700 1# - ADDED ENTRY--PERSONAL NAME | |
| Personal name | Abel, Richard |
| Dates associated with a name | 1941- |
| Relationship | edt |
| 9 (RLIN) | 825905 |
| 887 ## - NON-MARC INFORMATION FIELD | |
| Content of non-MARC field | syamal Kanti Biswas mrinal |
| 901 ## - LOCAL DATA ELEMENT A, LDA (RLIN) | |
| a | 550514 |
| b | 16.08.2005 |
| 902 ## - LOCAL DATA ELEMENT B, LDB (RLIN) | |
| a | R.R. 791.430903 En 19 |
| 904 ## - LOCAL DATA ELEMENT D, LDD (RLIN) | |
| a | syamal Kanti Biswas |
| 905 ## - LOCAL DATA ELEMENT E, LDE (RLIN) | |
| a | mrinal |
| 942 ## - ADDED ENTRY ELEMENTS (KOHA) | |
| Source of classification or shelving scheme | Dewey Decimal Classification |
| Koha item type | Books |
| Withdrawn status | Lost status | Damaged status | Not for loan | Collection code | Home library | Current library | Shelving location | Date acquired | Total Checkouts | Full call number | Date last seen | Price effective from | Koha item type |
|---|---|---|---|---|---|---|---|---|---|---|---|---|---|
| Reading Room | National Library of India | National Library of India | Reading Room - Main Reading Room | R.R. 791.430903 En 19 | 27/06/2021 | 27/06/2021 | Books |
